Index to educational videotapes.
Saved in:
| New Title: | Film & video finder Index to 16mm educational films |
|---|---|
| Corporate Author: | |
| Format: | Serial |
| Language: | English |
| Published: |
Los Angeles :
National Information Center for Educational Media, University of Southern California,
1971-
|
| Subjects: |
| LEADER | 01811nas a2200433 a 4500 | ||
|---|---|---|---|
| 001 | c000165925 | ||
| 003 | CARM | ||
| 005 | 19930510000000.0 | ||
| 008 | 760620d1971198ucauar1 c 0 a0eng | ||
| 010 | |a 82642126 | ||
| 019 | 1 | |a 2381513 |z 916204 |5 LACONCORD2021 | |
| 022 | 0 | |a 0734-6921 | |
| 035 | |a (OCoLC)2253414 |5 LACONCORD2021 | ||
| 040 | |a LC |b eng |c LC |d LC | ||
| 042 | |a lc |a nsdp | ||
| 050 | 0 | 0 | |a LB1044.4.Z9 |b I54 |
| 210 | 0 | |a Index educ. videotapes. | |
| 222 | 0 | |a Index to educational videotapes. | |
| 245 | 0 | 0 | |a Index to educational videotapes. |
| 246 | 3 | 0 | |a N.I.C.E.M. index to educational video tapes. |
| 246 | 3 | 4 | |a NICEM index to educational video tapes |f 1974- |
| 246 | 3 | 8 | |a Index to educational video tapes |f <1980-> |
| 260 | |a Los Angeles : |b National Information Center for Educational Media, University of Southern California, |c 1971- | ||
| 300 | |a v. ; |c 28 cm. | ||
| 310 | |a Annual (irregular) | ||
| 362 | 0 | |a 1st ed. (1971)- | |
| 515 | |a Issues for <1985-> published in three volumes. | ||
| 580 | |a Merged with: Index to 16mm educational films, to form: Film & video finder. | ||
| 650 | 0 | |a Video tapes |x Catalogs. | |
| 650 | 0 | |a Video tapes in education |x Periodicals. | |
| 710 | 2 | |a National Information Center for Educational Media (U.S.) | |
| 772 | 0 | |t NICEM update of nonbook media |x 0094-694X |w (DLC) 73085030 |w (OCoLC)1784456. | |
| 785 | 1 | 7 | |t Film & video finder |x 0898-1582 |w (DLC) 87644068 |w (OCoLC)15047373. |
| 785 | 1 | 7 | |t Index to 16mm educational films |x 0734-5488 |w (DLC) 82642106 |w (OCoLC)3665570. |
| 852 | 8 | |b CARM |h A2:AO27E0 |i D05782 |p 0212384 |f SE | |
| 866 | 0 | |a 1977 | |
| 866 | |a 1977 | ||
| 999 | f | f | |i 53e6b5a3-20d4-5c97-9881-cdff93d285ee |s 64f42982-f699-5098-8fca-4f7e62ae312a |
| 952 | f | f | |p Can circulate |a CAVAL |b CAVAL |c CAVAL |d CARM 1 Store |e D05782 |f A2:AO27E0 |h Other scheme |i book |k 1977 |m 0212384 |